Razón necesaria
Guardat en:
| Autor principal: | |
|---|---|
| Format: | Llibre |
| Idioma: | Undetermined |
| Publicat: |
San José, Costa Rica
Ediciones Promesa
1996
|
| Matèries: | |
| Etiquetes: |
Afegir etiqueta
Sense etiquetes, Sigues el primer a etiquetar aquest registre!
|
MARC
| LEADER | 00000nam a2200000Ia 4500 | ||
|---|---|---|---|
| 008 | 170316s9999 xx 000 0 und d | ||
| 040 | |a cru BVZT | ||
| 090 | |a 860 G-25r | ||
| 100 | |a González Villanueva, Gustavo | ||
| 245 | |a Razón necesaria | ||
| 260 | |a San José, Costa Rica | ||
| 260 | |b Ediciones Promesa | ||
| 260 | |c 1996 | ||
| 300 | |a 34 páginas | ||
| 650 | |a LITERATURA LATINOAMERICANA | ||
| 650 | |a POESÍA GUATEMALTECA | ||
| 999 | |c 8748 |d 8748 | ||
| 942 | |c 15 D |h 860 G-25r |2 z | ||
